Identification of Relation between Business Model and Business Strategy and Measurement of Its Tightness

Obchodný model a obchodná stratégia zásadne charakterizujú a predurčujú podstatu spoločnosti a jej činnosť. Vzťah medzi modelom a stratégiou.

Salvato in:
Dettagli Bibliografici
Autore principale: Slávik, Štefan, 1955-
Altri autori: Hanák, Róbert, 1979-
Natura: Capitolo di libro
Lingua:inglese
Soggetti:
Tags: Aggiungi Tag
Nessun Tag, puoi essere il primo ad aggiungerne!!

MARC

LEADER 00000naa a2200000 4500
001 0235222
005 20240919102811.8
041 0 |a eng 
044 |a LT 
245 1 0 |a Identification of Relation between Business Model and Business Strategy and Measurement of Its Tightness  |c Štefan Slávik, Róbert Hanák 
520 |a Obchodný model a obchodná stratégia zásadne charakterizujú a predurčujú podstatu spoločnosti a jej činnosť. Vzťah medzi modelom a stratégiou. 
610 2 0 |a modely podnikateľské 
610 2 0 |a stratégia obchodná 
610 2 0 |a stratégia podnikateľská 
610 2 0 |a modely obchodu zahraničného 
610 2 0 |a podnik 
100 1 |a Slávik, Štefan, 1955- 
700 1 |a Hanák, Róbert, 1979-